00550pam a2200169 a 4500020001500000082001200015100001900027245005200046250001200098260003700110300003700147500002000184650003000204942000700234999001500241952012400256 a039396842100a330 VAR1 aVarian, Hal R.10aIntermediate microeconomics : A modern Approach a4th ed. aNew York :bW.W. Norton,cc1996. axxiv, 650, A38 p. :bcol. ill. ; aIncludes index. 0aEconomicsaMicroeconomics cBK c2052d2052 0010708NFICaMLCampusbMLCampuscGENd2015-09-12l1o330 VARp002562r2022-11-17 00:00:00s2018-06-16w2015-09-12yBK